[Event "Aragon-chT Honor Gr I"]
[Site "Aragon"]
[Date "2023.02.18"]
[Round "4.1"]
[White "Pellicer Cerezuela, Miguel"]
[Black "Adla, Diego Gustavo"]
[Result "1/2-1/2"]
[WhiteElo "2043"]
[BlackElo "2400"]
[PlyCount "95"]
[EventDate "2023.01.28"]
[EventType "team-tourn"]
[EventRounds "7"]
[EventCountry "ESP"]
[SourceTitle "EXT 2024"]
[Source "ChessBase"]
[SourceDate "2023.10.10"]
[SourceVersion "1"]
[SourceVersionDate "2023.10.10"]
[SourceQuality "1"]
[WhiteTeam "La Aurora Estadilla"]
[BlackTeam "Casablanca MyInvestor"]
[WhiteTeamCountry "ESP"]
[BlackTeamCountry "ESP"]

1. d4 Nf6 2. c4 e6 3. Nc3 Bb4 4. e3 0-0 5. Nge2 Re8 6. a3 Bf8 7. g3 d5 8. cxd5 exd5 9. Bg2 a5 10. 0-0 c6 11. Qc2 Na6 12. f3 c5 13. Rd1 Bd7 14. dxc5 Bxc5 15. Nd4 Qb6 16. Na4 Bxa4 17. Qxa4 Nc7 18. Bd2 Qxb2 19. Rab1 Qxa3 20. Qxa3 Bxa3 21. Rxb7 Ne6 22. Ra1 Bc5 23. Rxa5 Rxa5 24. Bxa5 Nxd4 25. exd4 Bxd4+ 26. Kf1 g6 27. Bb6 Bxb6 28. Rxb6 Kg7 29. Kf2 g5 30. h3 Ra8 31. Bf1 Ra2+ 32. Be2 h5 33. h4 gxh4 34. gxh4 Ra4 35. Kg3 Rd4 36. Ba6 Nd7 37. Rd6 Nc5 38. Bb5 Ne6 39. Bc6 Nf4 40. Bb7 Kf8 41. Rf6 Ne2+ 42. Kf2 Nc3 43. Rf5 Rxh4 44. Bxd5 Nxd5 45. Rxd5 Kg7 46. Kg3 Rh1 47. Kg2 Rh4 48. Kg3 1/2-1/2

[Event "Aragon-chT Honor Gr I"]
[Site "Aragon"]
[Date "2022.02.05"]
[Round "2.15"]
[White "Guzman Moneo, Alberto"]
[Black "Pellicer Cerezuela, Miguel"]
[Result "0-1"]
[WhiteElo "2196"]
[BlackElo "2006"]
[PlyCount "72"]
[EventDate "2022.01.29"]
[EventType "team-tourn"]
[EventRounds "7"]
[EventCountry "ESP"]
[SourceTitle "EXT 2024"]
[Source "ChessBase"]
[SourceDate "2023.10.10"]
[SourceVersion "1"]
[SourceVersionDate "2023.10.10"]
[SourceQuality "1"]
[WhiteTeam "Helios"]
[BlackTeam "La Aurora Estadilla"]
[WhiteTeamCountry "ESP"]
[BlackTeamCountry "ESP"]

1. e4 e6 2. d4 d5 3. e5 c5 4. c3 Nc6 5. Nf3 Nh6 6. Bd3 Nf5 7. 0-0 cxd4 8. Bxf5 exf5 9. Nxd4 Nxd4 10. Qxd4 Be6 11. Rd1 Qd7 12. Nd2 b6 13. Nf3 Rc8 14. Be3 Be7 15. a4 0-0 16. a5 Bc5 17. Qa4 b5 18. Qf4 Be7 19. Bd4 b4 20. Qe3 Rc7 21. Ne1 Rfc8 22. Nd3 bxc3 23. bxc3 h6 24. Rdb1 g5 25. g3 Kh7 26. a6 f4 27. gxf4 Bf5 28. Rb7 Rg8 29. Kf1 Rxb7 30. axb7 Qxb7 31. fxg5 Qb5 32. Ke2 Bxg5 33. Qf3 Be4 34. Qh3 Qb3 35. Kf1 Bd2 36. Ne1 Qc4+ 0-1

[Event "Aragon-chT Honor GrA"]
[Site "Aragon"]
[Date "2017.03.11"]
[Round "7.12"]
[White "Pellicer Cerezuela, Miguel"]
[Black "Roque Sola, Jose Luis"]
[Result "0-1"]
[WhiteElo "2023"]
[BlackElo "2177"]
[PlyCount "128"]
[EventDate "2017.01.28"]
[EventType "team-tourn"]
[EventRounds "7"]
[EventCountry "ESP"]
[SourceTitle "EXT 2018"]
[Source "ChessBase"]
[SourceDate "2017.10.13"]
[SourceVersion "1"]
[SourceVersionDate "2017.10.13"]
[SourceQuality "1"]
[WhiteTeam "La Aurora Estadilla"]
[BlackTeam "Agrupacion"]
[WhiteTeamCountry "ESP"]
[BlackTeamCountry "ESP"]

1. d4 e6 2. c4 Nf6 3. Nc3 Bb4 4. f3 d5 5. e3 0-0 6. Bd3 c5 7. Nge2 cxd4 8. exd4 Nc6 9. 0-0 a6 10. Bg5 dxc4 11. Bxc4 b5 12. Bb3 Be7 13. Bxf6 Bxf6 14. d5 exd5 15. Bxd5 Bb7 16. a3 Qb6+ 17. Kh1 Rad8 18. Qc2 Bxc3 19. Bxc6 Bxb2 20. Qxb2 Qxc6 21. Rac1 Qd6 22. Ng3 g6 23. Ne4 Bxe4 24. fxe4 Qe6 25. e5 Rd5 26. Rf6 Rfd8 27. Rcf1 Rd1 28. Qe2 Rxf1+ 29. Qxf1 Qc4 30. Qe1 Qb3 31. Rf1 Re8 32. Qa5 Qd3 33. Re1 Rxe5 34. Rg1 Re6 35. h3 Qd6 36. Qc3 Qc6 37. Qd4 Qb6 38. Qd7 Qc6 39. Qd8+ Re8 40. Qd4 a5 41. Qd2 Qb6 42. Rf1 b4 43. axb4 axb4 44. Qd7 Qe6 45. Qb7 Qc4 46. Rb1 Re4 47. Qb8+ Kg7 48. Qb6 Qc3 49. Qf2 Re5 50. Kh2 b3 51. Qb6 Re3 52. Qb7 Qe5+ 53. Kh1 Re1+ 54. Rxe1 Qxe1+ 55. Kh2 Qe5+ 56. Kg1 b2 57. Qb4 h5 58. h4 Kh7 59. Qb7 Qe1+ 60. Kh2 Qxh4+ 61. Kg1 Qd4+ 62. Kh2 Kg7 63. g3 Qf2+ 64. Kh3 Qf5+ 0-1

[Event "Aragon-chT Preferente A"]
[Site "Aragon"]
[Date "2015.01.31"]
[Round "2.36"]
[White "Pellicer Cerezuela, Miguel"]
[Black "Torcal Miguel, Oscar"]
[Result "1-0"]
[WhiteElo "1862"]
[BlackElo "1893"]
[PlyCount "47"]
[EventDate "2015.01.24"]
[EventType "team-tourn"]
[EventRounds "11"]
[EventCountry "ESP"]
[SourceTitle "EXT 2017"]
[Source "ChessBase"]
[SourceDate "2016.10.25"]
[SourceVersion "1"]
[SourceVersionDate "2016.10.25"]
[SourceQuality "1"]
[WhiteTeam "La Aurora Estadilla II"]
[BlackTeam "IberCaja II"]
[WhiteTeamCountry "ESP"]
[BlackTeamCountry "ESP"]

1. d4 Nf6 2. c4 c5 3. d5 e5 4. Nc3 d6 5. e4 Be7 6. h3 0-0 7. Bd3 Ne8 8. Nf3 g6 9. Bh6 Ng7 10. h4 Bg4 11. Qd2 Re8 12. Ng5 f6 13. Nh3 Nh5 14. f3 Bxh3 15. Rxh3 Bf8 16. Be3 Qd7 17. g4 Ng7 18. 0-0-0 a5 19. h5 gxh5 20. Rdh1 hxg4 21. fxg4 Qxg4 22. Rxh7 Qg6 23. Rh8+ Kf7 24. Rg1 1-0

[Event "Aragon-chT Preferente B"]
[Site "Aragon"]
[Date "2012.03.24"]
[Round "8.64"]
[White "Gayan Carceller, Miguel Angel"]
[Black "Pellicer Cerezuela, Miguel"]
[Result "1-0"]
[WhiteElo "1909"]
[BlackElo "1657"]
[PlyCount "69"]
[EventDate "2012.02.04"]
[EventType "team"]
[EventRounds "9"]
[EventCountry "ESP"]
[SourceTitle "EXT 2014"]
[Source "ChessBase"]
[SourceDate "2013.11.20"]
[SourceVersion "1"]
[SourceVersionDate "2013.11.20"]
[SourceQuality "1"]
[WhiteTeam "Aragon ONCE II"]
[BlackTeam "La Aurora Estadilla II"]
[WhiteTeamCountry "ESP"]
[BlackTeamCountry "ESP"]

1. d4 f5 2. Nf3 g6 3. Bf4 Bg7 4. g3 Nf6 5. Bg2 d6 6. 0-0 0-0 7. c4 c6 8. Nc3 Be6 9. d5 Bd7 10. Qb3 Na6 11. Nd2 Nc5 12. Qc2 a5 13. a3 a4 14. Be3 cxd5 15. Nxd5 e6 16. Nxf6+ Qxf6 17. Rab1 Rab8 18. Rfd1 b6 19. Nf3 Ne4 20. Nd4 Nc5 21. Nb5 Bxb5 22. cxb5 Rfd8 23. Bd4 e5 24. Bd5+ Kf8 25. Bxc5 bxc5 26. Qxa4 h5 27. Qc4 f4 28. Rd3 Ke7 29. a4 Rf8 30. Rf3 g5 31. gxf4 gxf4 32. Qe4 Bh6 33. Kh1 Rh8 34. Rg1 Bg5 35. Rb3 1-0